000
00247nam a2200109Ia 4500
005
20251222114350.0
008
251222s1900||||xx |||||||||||||| ||spa||
082
_a
DVD0070/B83/2001
245
0
_a
El reto
264
_b
Fireworks Pictures
942
_c
DVD
999
_c
1207
_d
1207